Luna the Moon Wolf / (Record no. 753)

MARC details
000 -LEADER
fixed length control field 01055nam a22002897a 4500
005 - DATE AND TIME OF LATEST TRANSACTION
control field 20250702105729.0
020 ## - INTERNATIONAL STANDARD BOOK NUMBER
International Standard Book Number 9781408303795 (pbk.)
020 ## - INTERNATIONAL STANDARD BOOK NUMBER
International Standard Book Number 1408303795 (pbk.)
040 ## - CATALOGING SOURCE
Original cataloging agency DLC
Transcribing agency DLC
Modifying agency DLC
Language of cataloging eng
050 00 - LIBRARY OF CONGRESS CALL NUMBER
Classification number MLCS 2012/44292 (P)
082 ## - DEWEY DECIMAL CLASSIFICATION NUMBER
Classification number 823.92
100 1# - MAIN ENTRY--PERSONAL NAME
Personal name Blade, Adam.
245 10 - TITLE STATEMENT
Title Luna the Moon Wolf /
Statement of responsibility, etc. by Adam Blade.
250 ## - EDITION STATEMENT
Edition statement First printing, January 2012.
260 ## - PUBLICATION, DISTRIBUTION, ETC.
Place of publication, distribution, etc. New York :
Name of publisher, distributor, etc. Scholastic,
Date of publication, distribution, etc. 2012.
300 ## - PHYSICAL DESCRIPTION
Extent 76 pages :
Other physical details illustrations ;
Dimensions 20 cm.
490 0# - SERIES STATEMENT
Series statement Beast Quest Amulet of Avantia ;
Volume/sequential designation Book 22
505 ## - FORMATTED CONTENTS NOTE
Formatted contents note O <br/>
520 ## - SUMMARY, ETC.
Summary, etc. "At night, the Dead Wood comes alive with wild animals made ferocious by the spell of Luna the Moon Wolf. To save his father, Tom must collect the pieces of the Amulet of Avantia -- which means battling Luna's murderous magic..."--Back cover.
521 ## - TARGET AUDIENCE NOTE
Target audience note 630 <br/>
Source Lexile
521 ## - TARGET AUDIENCE NOTE
Target audience note O <br/>
Source Raz-Plus <br/>
650 ## - SUBJECT ADDED ENTRY--TOPICAL TERM
Topical term or geographic name entry element fantasy
Form subdivision genre-adventure
General subdivision horror
650 ## - SUBJECT ADDED ENTRY--TOPICAL TERM
Form subdivision Junior Fiction
906 ## - LOCAL DATA ELEMENT F, LDF (RLIN)
a 7
b cbc
c orignew
d 4
e ncip
f 20
g y-gencatlg
942 ## - ADDED ENTRY ELEMENTS (KOHA)
Source of classification or shelving scheme Dewey Decimal Classification
Koha item type Books
Suppress in OPAC No
999 ## -
-- 753
-- 753
Holdings
Withdrawn status Lost status Source of classification or shelving scheme Damaged status Not for loan Collection Home library Current library Shelving location Date acquired Total Checkouts Full call number Barcode Date last seen Date last checked out Price effective from Koha item type Copy number
    Dewey Decimal Classification     Juvenile Fiction Footprints International School Library Network Toul Kork Campus Footprints International School Library Network Toul Kork Campus TK Primary Library Room(4th Floor), Bookcase 3&4, Shelves 17-32, Yellow Books 07/05/2023 1 BLA 823.92 PZ7.B534 FISTK00460 06/04/2024 10/23/2023 07/05/2023 Books  
    Dewey Decimal Classification     Juvenile Fiction Footprints International School Library Network Toul Tom Poung Campus Footprints International School Library Network Toul Tom Poung Campus TTP Primary Yellow Bookshelves 07/02/2025   BLA 823.92 PZ7.B534 FISBK00527 07/02/2025   07/02/2025 Books 2